000 01060cam a2200313 a 4500
001 3329
005 20240229095300.0
020 _a0590462857
040 _aDLC
_cDLC
_dDLC
_beng
050 0 0 _aPZ8.3.B8474
_b1985
082 0 0 _a813.54
100 1 _aBuckley, Richard
_d1938-
245 1 4 _aThe foolish tortoise /
_cRichard Buckley ; illustrated by Eric Carle.
250 _aFirst Scholastic printing , January 1993
260 _aNew York :
_bScholastic ,
_c1985
300 _a22 unnumbered pages :
_bcolor illustrations ;
_c22 cm.
505 _aM
520 _a A tortoise realizes the need for a shell after several scary encounters and a greedy python eats to excess, finally eating himself.
521 _a540
_bLexile
521 _aM
_bRaz-Plus
650 1 _aTurtles
_xFiction
650 1 _aPythons
_xFiction
650 1 _aSnakes
_xFiction
650 1 _aFood habits
_xFiction
650 1 _aStories in rhyme
_vFiction
700 1 _aCarle, Eric
_eillustrator
906 _a7
_bcbc
_corignew
_d1
_eocip
_f19
_gy-gencatlg
942 _2ddc
_cBK
_n0
999 _c3329
_d3329